Maldives : lonely planet.

Bibliographic Details
Format: Book
Published: Victoria: Lonely Planet Publications, 2012.
Edition:8th ed.
Series:Lonely planet
Subjects:
LEADER 00498cam a2200169 7i4500
001 0000029167
005 20130711090000.0
020 0 0 |a 9781741798036  
090 0 0 |a MALD 910.202   |b MAL 
245 0 0 |a Maldives :   |b lonely planet. 
250 0 0 |a 8th ed. 
260 0 0 |a Victoria:   |b Lonely Planet Publications,   |c 2012. 
300 # # |a 199 p. 
440 0 0 |a Lonely planet 
650 0 0 |a Maldives --   |x Description and travel --   |x Guidebooks  
651 0 0 |a Maldives  
999 |a B000032600  |b Book  |c Countries  |e Business Information Centre